000 00504nam a2200169 i 4500
001 75520
003 ES-MaACL
005 20230906172506.0
007 t|
008 040924s1969 sp ||||1| spa d
100 1 _aGrenet, Paul-Bernard.
_959940
245 1 0 _aHistoria de la Filosofía antigua /
_cPaul-Bernard Grenet ; [versión de Mª Luisa Medrano].
260 _aBarcelona :
_bHerder,
_c1969.
300 _a446 p. ;
_c22 cm.
700 1 _aMedrano, L.
_979772
852 _aES-MaACL
_jC-36437
_bR.69726
999 _c75520
_d75520